书目信息 |
| 题名: |
古籍丛书概说
|
|
| 作者: | 刘尚恒 著 | |
| 分册: | ||
| 出版信息: | 上海 上海古籍出版社 1989.12 |
|
| 页数: | 136页 | |
| 开本: | 19cm | |
| 丛书名: | ||
| 单 册: | ||
| 中图分类: | Z12 , Z121 | |
| 科图分类: | ||
| 主题词: | 古籍-丛书-图书学--中国 , 图书学-丛书-古籍--中国 , 丛书--中国 , 丛书-古籍-图书学--中国 | |
| 电子资源: | ||
| ISBN: | 7-5325-0601-0 | |
| 000 | 00795nam 2200265 45 | |
| 001 | 0191009348 | |
| 005 | 20060721160854.85 | |
| 010 | @a7-5325-0601-0@dCNY1.85 | |
| 100 | @a19910423d1989 em y0chiy0121 ea | |
| 101 | 0 | @achi |
| 102 | @aCN@b310000 | |
| 105 | @ay z 000yy | |
| 200 | 10 | @a古籍丛书概说@AGU JI CONG SHU GAI SHUO@f刘尚恒著@FLIU SHANG HENG ZHU |
| 210 | @a上海@c上海古籍出版社@d1989.12 | |
| 215 | @a136页@d19cm | |
| 330 | @a本书对我国古籍丛书的概念、起源、发展、类别以及它的价值利用等进行了阐述。 | |
| 606 | @a古籍-丛书-图书学@y中国 | |
| 606 | @a图书学-丛书-古籍@y中国 | |
| 606 | 0 | @a丛书@x中国 |
| 606 | @a丛书-古籍-图书学@y中国 | |
| 690 | @aZ12 | |
| 690 | @aZ121@v3 | |
| 701 | 0 | @a刘尚恒@ALIU SHANG HENG@4著 |
| 801 | 0 | @aCN@bNLC@c20060721 |
| 905 | @f1@b276243@dZ12@e52 | |
| 古籍丛书概说/刘尚恒著.-上海:上海古籍出版社,1989.12 |
| 136页;19cm |
| ISBN 7-5325-0601-0:CNY1.85 |
| 本书对我国古籍丛书的概念、起源、发展、类别以及它的价值利用等进行了阐述。 |
| ● |
| 相关链接 |
|
|
|
|
正题名:古籍丛书概说
索取号:Z12/52
 
预约/预借
| 序号 | 登录号 | 条形码 | 馆藏地/架位号 | 状态 | 备注 |
| 1 | 0276243 | 000430572 | 第三借阅区/ [索取号:Z12/52] | 在馆 | |
| 2 | 0276244 | 000430643 | 第二样本阅览室/ [索取号:Z12/52] | 在馆 | |
| 3 | 0425455 | 204254555 | 密集书库/ [索取号:Z12/52] | 在馆 |